[Event "16th Tilburg Interpolis it"]
[Site "Tilburg NED"]
[Date "1992.10.13"]
[Round "2.3"]
[White "Beliavsky, Alexander"]
[Black "Adams, Michael"]
[Result "0-1"]
[WhiteElo "2595"]
[BlackElo "2610"]
[EventDate "1992.10.08"]
[PlyCount "74"]

1. d4 d6 2. e4 Nf6 3. Nc3 e5 4. dxe5 dxe5 5. Qxd8+ Kxd8 6. Bg5 Be6 7. O-O-O+
Nbd7 8. f4 exf4 9. Nf3 h6 10. Bxf4 c6 11. Bd3 Bc5 12. h3 Ke7 13. Na4 g5 14. Bh2
Be3+ 15. Kb1 Nh5 16. Rhe1 Bf4 17. Bg1 Bg3 18. Rf1 Bd6 19. e5 Bc7 20. Nc5 Nxc5
21. Bxc5+ Ke8 22. Nd4 Ng7 23. Rde1 Bb6 24. Bxb6 axb6 25. g4 Bxa2+ 26. Kc1 Bd5
27. Kd2 b5 28. Rf2 Rd8 29. Nf5 Nxf5 30. gxf5 Bc4 31. f6 Bxd3 32. cxd3 Kd7 33.
h4 Ke6 34. Rg1 gxh4 35. Rf4 Rd5 36. d4 Rhd8 37. Kc3 b4+ 0-1

[Event "16th Tilburg Interpolis it"]
[Site "Tilburg NED"]
[Date "1992.10.13"]
[Round "2.3"]
[White "Karpov, Anatoly"]
[Black "Csernyin, Alexander"]
[Result "0-1"]
[WhiteElo "2715"]
[BlackElo "2600"]
[EventDate "1992.10.08"]
[PlyCount "112"]

1. d4 d5 2. c4 c6 3. Nc3 Nf6 4. e3 Bg4 5. Qb3 Qb6 6. Qxb6 axb6 7. cxd5 Nxd5 8.
Nxd5 cxd5 9. Bd2 Bd7 10. Nf3 Nc6 11. Ne5 Nxe5 12. dxe5 e6 13. a3 Bc6 14. Bc3 b5
15. b4 Be7 16. Bd3 f6 17. f4 O-O 18. O-O Ra6 19. Bb2 Bd8 20. Bd4 Bb6 21. Bxb6
Rxb6 22. Rfc1 fxe5 23. fxe5 Rd8 24. Rc5 d4 25. e4 Ra8 26. Kf2 Kf7 27. Ke2 Ke7
28. Kd2 Kd7 29. a4 Rba6 30. Bxb5 Bxb5 31. Rxb5 b6 32. Rc1 R8a7 33. Kd3 Rxa4 34.
Rxb6 Ra2 35. Rcc6 R7a3+ 36. Kxd4 Rd2+ 37. Kc5 Rc3+ 38. Kb5 Rxc6 39. Rxc6 Rxg2
40. Kb6 Rxh2 41. Rc7+ Kd8 42. b5 g5 43. Rg7 h5 44. Kc6 g4 45. b6 Rc2+ 46. Kd6
Kc8 47. Kxe6 Rc3 48. Rg5 Rc6+ 49. Kf7 Kd7 50. b7 Rb6 51. e6+ Kc7 52. e7 Rxb7
53. e8=Q Kd6+ 54. Qe7+ Rxe7+ 55. Kf6 Re6+ 56. Kf7 Re5 0-1

[Event "16th Tilburg Interpolis it"]
[Site "Tilburg NED"]
[Date "1992.10.13"]
[Round "2.4"]
[White "Csernyin, Alexander"]
[Black "Karpov, Anatoly"]
[Result "1/2-1/2"]
[WhiteElo "2600"]
[BlackElo "2715"]
[EventDate "1992.10.08"]
[PlyCount "83"]

1. c4 e5 2. Nc3 Nc6 3. g3 g6 4. Bg2 Bg7 5. d3 d6 6. e4 h5 7. h4 Nd4 8. Nce2 Ne6
9. Nf3 Nf6 10. Ng5 O-O 11. Nxe6 Bxe6 12. Bg5 Qd7 13. O-O Ng4 14. Nc3 c6 15. Qe2
a6 16. a4 a5 17. Bh3 Nf6 18. Bxe6 Qxe6 19. Kg2 Nd7 20. Rad1 Rae8 21. Nd5 Nc5
22. Nc7 Qd7 23. Nxe8 Qxe8 24. Be3 Ne6 25. f4 exf4 26. Bxf4 Qd8 27. Be3 d5 28.
cxd5 cxd5 29. Qf3 d4 30. Bd2 Qb6 31. b4 axb4 32. Rb1 Qc7 33. Rxb4 b6 34. Rb5
Kh7 35. Bb4 Re8 36. Qxf7 Qc6 37. Qf3 Qd7 38. Rd5 Qxa4 39. Rxh5+ gxh5 40. Qf5+
Kg8 41. Qf7+ Kh7 42. Qf5+ 1/2-1/2

[Event "16th Tilburg Interpolis it"]
[Site "Tilburg NED"]
[Date "1992.10.13"]
[Round "2.3"]
[White "Hort, Vlastimil"]
[Black "Stohl, Igor"]
[Result "1/2-1/2"]
[WhiteElo "2560"]
[BlackElo "2560"]
[EventDate "1992.10.08"]
[PlyCount "71"]

1. e3 Nf6 2. b3 g6 3. Bb2 Bg7 4. d4 c5 5. Nf3 O-O 6. Bd3 b6 7. Nbd2 Bb7 8. O-O
d6 9. c4 e6 10. Re1 Nbd7 11. a3 d5 12. Qe2 Re8 13. Rac1 Ne4 14. Nf1 Qe7 15.
cxd5 Bxd5 16. Bc4 Bxc4 17. Qxc4 Rac8 18. Rc2 Nd6 19. Qe2 cxd4 20. exd4 Rxc2 21.
Qxc2 Nf6 22. Ne3 Rc8 23. Qd3 Qb7 24. Ne5 Nd5 25. g3 Nxe3 26. Rxe3 Qd5 27. h4
Nf5 28. Re4 Rd8 29. Qc2 Nd6 30. Re2 Nb5 31. Kh2 Qb7 32. Qc4 Nd6 33. Qc2 Rc8 34.
Qd3 b5 35. Rc2 Rxc2 36. Qxc2 1/2-1/2

[Event "16th Tilburg Interpolis it"]
[Site "Tilburg NED"]
[Date "1992.10.13"]
[Round "2.6"]
[White "Svesnikovs, Jevgenijs"]
[Black "Lputian, Smbat"]
[Result "1-0"]
[WhiteElo "2525"]
[BlackElo "2585"]
[EventDate "1992.10.08"]
[PlyCount "77"]

1. e4 e6 2. d4 d5 3. e5 c5 4. c3 Nc6 5. Nf3 Qb6 6. a3 Nh6 7. b4 cxd4 8. cxd4
Nf5 9. Bb2 Bd7 10. g4 Nh6 11. h3 f6 12. Bd3 Nf7 13. Nbd2 fxe5 14. dxe5 Be7 15.
Rc1 Ng5 16. h4 Nxf3+ 17. Qxf3 Nd4 18. Qe3 Nb5 19. Nf3 Qxe3+ 20. fxe3 a5 21.
Bxb5 Bxb5 22. Nd4 Bd7 23. b5 Bd8 24. a4 O-O 25. Ba3 Rf7 26. Ke2 Rc8 27. g5 g6
28. Rxc8 Bxc8 29. Rc1 Bd7 30. Rf1 Rxf1 31. Kxf1 h6 32. Nf3 hxg5 33. hxg5 b6 34.
Kf2 Bc8 35. Kg3 Bb7 36. Kf4 d4 37. Nxd4 Bd5 38. e4 Bc4 39. Nc6 1-0

[Event "16th Tilburg Interpolis it"]
[Site "Tilburg NED"]
[Date "1992.10.13"]
[Round "2.3"]
[White "Serper, Grigory"]
[Black "Polugaevsky, Lev"]
[Result "1/2-1/2"]
[WhiteElo "2575"]
[BlackElo "2640"]
[EventDate "1992.10.08"]
[PlyCount "86"]

1. c4 e5 2. g3 d6 3. Bg2 g6 4. Nc3 Bg7 5. d3 f5 6. e3 Nf6 7. Nge2 c6 8. O-O Be6
9. b3 O-O 10. Bb2 Nbd7 11. Rc1 Bf7 12. e4 Qe7 13. Qd2 f4 14. gxf4 Bh6 15. Qc2
Nh5 16. fxe5 dxe5 17. Rce1 Nc5 18. Ba3 b6 19. Na4 Nf4 20. Nxc5 bxc5 21. Nxf4
Bxf4 22. Bc1 Be6 23. Bxf4 Rxf4 24. Re3 a5 25. Bh3 Bxh3 26. Rxh3 Qd6 27. Qc3 a4
28. bxa4 Rxa4 29. a3 Rf7 30. Rb1 Qd4 31. Rb8+ Kg7 32. Qd2 h5 33. Rxh5 Rf4 34.
Rb7+ Kf6 35. Rhh7 Qa1+ 36. Kg2 Rg4+ 37. Kf3 Rf4+ 38. Ke2 Rxa3 39. Rbf7+ Ke6 40.
Re7+ Kd6 41. Rd7+ Ke6 42. Rde7+ Kd6 43. Rd7+ Ke6 1/2-1/2

[Event "16th Tilburg Interpolis it"]
[Site "Tilburg NED"]
[Date "1992.10.13"]
[Round "2.4"]
[White "Rogers, Ian"]
[Black "Short, Nigel David"]
[Result "1/2-1/2"]
[WhiteElo "2565"]
[BlackElo "2680"]
[EventDate "1992.10.08"]
[PlyCount "91"]

1. e4 e5 2. Nf3 Nc6 3. d4 exd4 4. Bc4 Nf6 5. e5 d5 6. Bb5 Nd7 7. O-O Be7 8. Re1
O-O 9. Bxc6 bxc6 10. Nxd4 Nb8 11. Qf3 c5 12. Nf5 Bxf5 13. Qxf5 Qd7 14. Qxd7
Nxd7 15. c4 c6 16. cxd5 cxd5 17. Nc3 Nb6 18. a4 d4 19. Nb5 a6 20. Nc7 Ra7 21.
a5 Nc4 22. Nd5 Bd8 23. Ra4 Nxa5 24. b4 Rd7 25. Nf4 Nb3 26. bxc5 Nxc5 27. Rc4
Be7 28. Ba3 d3 29. Bxc5 d2 30. Rd1 Rc8 31. e6 fxe6 32. Nxe6 Rc6 33. Re4 Bxc5
34. Kf1 a5 35. Ng5 Be7 36. Nf3 Rc1 37. Ke2 Rxd1 38. Kxd1 Bb4 39. Ne5 Re7 40. f4
g5 41. g3 gxf4 42. gxf4 Kg7 43. Re2 h5 44. Rg2+ Kf6 45. Rg5 Bc3 46. Rxh5
1/2-1/2

[Event "16th Tilburg Interpolis it"]
[Site "Tilburg NED"]
[Date "1992.10.16"]
[Round "3.3"]
[White "Kosten, Anthony Cornelius"]
[Black "Smirin, Ilia"]
[Result "0-1"]
[WhiteElo "2515"]
[BlackElo "2555"]
[EventDate "1992.10.08"]
[PlyCount "110"]

1. e4 c5 2. Nf3 d6 3. d4 cxd4 4. Nxd4 Nf6 5. Nc3 a6 6. f4 e6 7. Bd3 Be7 8. O-O
O-O 9. Nf3 Nc6 10. a3 b5 11. b4 Bb7 12. Bb2 e5 13. Nd5 exf4 14. Nxf4 Ne5 15.
Nxe5 dxe5 16. Bxe5 Re8 17. Bb2 Nxe4 18. Nh5 Qb6+ 19. Kh1 Nf2+ 20. Rxf2 Qxf2 21.
Qg4 g6 22. Rg1 Qh4 23. Qd7 Qxh5 24. Qxb7 Bd6 25. g3 Be5 26. Bc1 Rad8 27. Rf1
Rf8 28. Kg2 Rd6 29. Qe4 Bg7 30. Bf4 Rd4 31. Qe7 Qd5+ 32. Kg1 Rxf4 33. Rxf4 Bd4+
34. Kf1 Qh1+ 35. Ke2 Qxh2+ 36. Kd1 Qxg3 37. Qe4 Bb2 38. Rf1 Bxa3 39. c3 Qh2 40.
Qe2 Qxe2+ 41. Bxe2 Rc8 42. Rf3 h5 43. Kd2 Kg7 44. Rf1 Bb2 45. Rf3 f5 46. Kc2
Ba1 47. Kb3 h4 48. c4 bxc4+ 49. Bxc4 Rc6 50. Rf2 Be5 51. Ra2 h3 52. Bd5 Rb6 53.
Kc4 Bd6 54. Rb2 g5 55. Be6 Be5 0-1

[Event "16th Tilburg Interpolis it"]
[Site "Tilburg NED"]
[Date "1992.10.17"]
[Round "4.1"]
[White "Ivanchuk, Vasyl"]
[Black "Seirawan, Yasser"]
[Result "1/2-1/2"]
[WhiteElo "2720"]
[BlackElo "2605"]
[EventDate "1992.10.08"]
[PlyCount "123"]

1. d4 Nf6 2. c4 e6 3. Nc3 Bb4 4. e3 c5 5. Nge2 cxd4 6. exd4 d5 7. c5 Ne4 8. Bd2
Nxd2 9. Qxd2 a5 10. a3 Bxc3 11. Nxc3 Bd7 12. Bd3 a4 13. O-O Nc6 14. Rae1 Nxd4
15. Nxd5 Bc6 16. Nb6 Ra5 17. Rd1 Rxc5 18. Be4 Qxb6 19. Qxd4 O-O 20. Rc1 Rb5 21.
Qxa4 Bxe4 22. Qxe4 Rxb2 23. Rb1 Rc8 24. g3 g6 25. a4 Qb3 26. Rxb2 Qxb2 27. Qb1
Rc2 28. Qxb2 Rxb2 29. a5 g5 30. Ra1 Kg7 31. a6 bxa6 32. Rxa6 g4 33. Ra4 h5 34.
h3 gxh3 35. Rh4 Rb1+ 36. Kh2 Rf1 37. Rf4 e5 38. Rf3 Kg6 39. Kxh3 e4 40. Re3 f5
41. Kg2 Rd1 42. Ra3 h4 43. gxh4 Kh5 44. Ra5 Kg4 45. h5 Rd6 46. f3+ exf3+ 47.
Kf2 Rd2+ 48. Ke1 Rh2 49. Ra8 Rxh5 50. Kf2 Rh2+ 51. Kf1 Kf4 52. Rb8 Rd2 53. Ra8
Rb2 54. Rc8 f2 55. Rc3 Ke4 56. Ra3 Rd2 57. Rb3 Rd3 58. Rxd3 Kxd3 59. Kxf2 Ke4
60. Ke2 f4 61. Kf2 f3 62. Kf1 1/2-1/2

[Event "16th Tilburg Interpolis it"]
[Site "Tilburg NED"]
[Date "1992.10.19"]
[Round "4.4"]
[White "Jussupow, Artur"]
[Black "Kamsky, Gata"]
[Result "1/2-1/2"]
[WhiteElo "2640"]
[BlackElo "2655"]
[EventDate "1992.10.08"]
[PlyCount "40"]

1. d4 d5 2. c4 e6 3. Nc3 Nf6 4. Nf3 c6 5. Bg5 Nbd7 6. e3 Qa5 7. Qc2 Bb4 8. Nd2
e5 9. Nb3 Qa4 10. cxd5 exd4 11. dxc6 dxc3 12. cxd7+ Bxd7 13. bxc3 Qc6 14. Bxf6
gxf6 15. Rc1 Rc8 16. Nd4 Bxc3+ 17. Kd1 Bxd4 18. Qxc6 Bxc6 19. exd4 O-O 20. Kd2
Rfd8 1/2-1/2

[Event "16th Tilburg Interpolis it"]
[Site "Tilburg NED"]
[Date "1992.10.19"]
[Round "4.4"]
[White "Svesnikovs, Jevgenijs"]
[Black "Smyslov, Vassily"]
[Result "1-0"]
[WhiteElo "2525"]
[BlackElo "2530"]
[EventDate "1992.10.08"]
[PlyCount "155"]

1. e4 e5 2. Nf3 Nf6 3. d4 Nxe4 4. Bd3 d5 5. Nxe5 Nc6 6. Nxc6 bxc6 7. O-O Be7 8.
c4 O-O 9. c5 f5 10. f3 Ng5 11. Nc3 Bf6 12. Be3 Rb8 13. Qc2 g6 14. a3 Ne6 15.
Ne2 Qe7 16. Bf2 a5 17. b3 Bd7 18. Rab1 Rfe8 19. Qc3 Qg7 20. Rfd1 Re7 21. b4 a4
22. b5 cxb5 23. c6 Be8 24. Rxb5 Rxb5 25. Bxb5 Nd8 26. Nf4 Bf7 27. Bxa4 g5 28.
Nd3 Ne6 29. Nb4 Nf4 30. Bb5 g4 31. fxg4 Qxg4 32. Qg3 Ne2+ 33. Bxe2 Rxe2 34.
Qxg4+ fxg4 35. Bg3 Re4 36. Bxc7 Bxd4+ 37. Kf1 Be6 38. Bg3 Kf7 39. c7 Bc8 40.
Rc1 Bb2 41. Rc6 d4 42. Rh6 Bxa3 43. Nd3 Re3 44. Ne5+ Kg7 45. Rb6 d3 46. Nc4 Re8
47. Nd6 Bxd6 48. Rxd6 Bf5 49. Rd8 Kf7 50. Bh4 h5 51. Bg5 Rg8 52. Bh4 Re8 53.
Kg1 Re2 54. Rd5 Be6 55. Rxd3 Rc2 56. Rd8 Kg6 57. Bg3 h4 58. Be5 h3 59. gxh3
gxh3 60. Kf1 Kf5 61. Bg3 Ke4 62. Ke1 Bg4 63. Re8+ Kf3 64. Kd1 Rc4 65. Kd2 Bf5
66. Rf8 Ke4 67. Re8+ Kf3 68. Re3+ Kg2 69. Rc3 Rxc3 70. Kxc3 Kf3 71. Kd4 Bc8 72.
Ke5 Ke3 73. Kd6 Kf3 74. Ke7 Kg4 75. Kd8 Ba6 76. c8=Q+ Bxc8 77. Kxc8 Kf5 78. Kd7
1-0